Statistics for Countries of Africa in 1800s (Map)

Click here to take the quiz!

General Stats

  • This quiz has been taken 156 times
  • The average score is 9 of 31

Answers on the Map

Answers color-coded by a green-red scale on the quiz's map according to % correct below.
 

Answer Stats

Country% Correct
Morocco
85%
Morocco
85%
Morocco
85%
Morocco
85%
Morocco
85%
Ottoman
84%
Ethiopia
79%
Burundi
38%
Rwanda
38%
Benin
30%
Ashanti
20%
Swazi
20%
Dahomey
19%
Darfur
14%
Buganda
13%
Merina
13%
Merina
13%
Merina
13%
Merina
13%
Merina
13%
Bornu
10%
Oyo
10%
Lunda
9%
Hausa
8%
Luba
6%
Ouaddai
5%
Bunyoro
4%
Rozwi
3%
Sennar
3%
Dendi
2%
Kazembe
2%

Score Distribution

Percentile by Number Answered

Percent of People with Each Score

Your Score History

You have not taken this quiz